000
00294nam a22001337a 4500
008
170608b xxu||||| |||| 00| 0 eng d
020
_a
9780195162493
041
_a
eng
080
_2
4TH
_a
94
100
_a
18
101
_a
SHH
245
_a
FORCE AND STATECRAFT
_c
LAUREN,P.G
942
_2
udc
_c
BK
999
_c
16574
_d
16574